[Event "Russian Blitz Team Championship (w)"]
[Site "Sochi"]
[Date "2022.10.17"]
[Round "2.11"]
[White "Yakimova, Mariya"]
[Black "Kovalevskaya, Ekaterina"]
[Result "1-0"]
[BlackElo "2254"]
[WhiteElo "2134"]
[LiveChessVersion "1.4.8"]

1. d4 {[%clk 0:03:03]} d5 {[%clk 0:03:03]} 2. c4 {[%clk 0:03:04]} e6
{[%clk 0:03:04]} 3. Nf3 {[%clk 0:03:05]} c5 {[%clk 0:03:04]} 4. cxd5
{[%clk 0:03:06]} exd5 {[%clk 0:03:05]} 5. Nc3 {[%clk 0:03:07]} Nc6
{[%clk 0:03:05]} 6. g3 {[%clk 0:03:07]} Nf6 {[%clk 0:03:03]} 7. Bg2
{[%clk 0:03:08]} Be7 {[%clk 0:03:03]} 8. O-O {[%clk 0:03:09]} O-O
{[%clk 0:03:03]} 9. Bg5 {[%clk 0:03:09]} c4 {[%clk 0:03:03]} 10. e3
{[%clk 0:03:10]} Be6 {[%clk 0:02:59]} 11. b3 {[%clk 0:03:10]} Qa5
{[%clk 0:02:23]} 12. Qc2 {[%clk 0:02:55]} b5 {[%clk 0:01:36]} 13. Ne5
{[%clk 0:02:45]} Nb4 {[%clk 0:01:36]} 14. Qd2 {[%clk 0:02:26]} h6
{[%clk 0:01:06]} 15. Bxf6 {[%clk 0:01:33]} Bxf6 {[%clk 0:00:49]} 16. a3
{[%clk 0:00:46]} Na6 {[%clk 0:00:42]} 17. b4 {[%clk 0:00:44]} Qc7
{[%clk 0:00:23]} 18. Nxb5 {[%clk 0:00:33]} Qb8 {[%clk 0:00:24]} 19. Nc3
{[%clk 0:00:28]} Bxe5 {[%clk 0:00:25]} 20. dxe5 {[%clk 0:00:29]} Qxe5
{[%clk 0:00:25]} 21. Bxd5 {[%clk 0:00:16]} Rad8 {[%clk 0:00:21]} 22. e4
{[%clk 0:00:17]} Nc7 {[%clk 0:00:20]} 23. Rad1 {[%clk 0:00:15]} Bh3
{[%clk 0:00:18]} 24. Rfe1 {[%clk 0:00:15]} Ne6 {[%clk 0:00:14]} 25. f4
{[%clk 0:00:14]} Qc7 {[%clk 0:00:14]} 26. Qf2 {[%clk 0:00:15]} a5
{[%clk 0:00:09]} 27. b5 {[%clk 0:00:12]} Nc5 {[%clk 0:00:05]} 28. Re2
{[%clk 0:00:08]} Nd3 {[%clk 0:00:03]} 29. Qd4 {[%clk 0:00:09]} Be6 1-0

[Event "Russian Blitz Team Championship (w)"]
[Site "Sochi"]
[Date "2022.10.17"]
[Round "2.12"]
[White "Borisova, Ekaterina"]
[Black "Nur-Mukhametova, Alisa"]
[Result "0-1"]
[BlackElo "2052"]
[WhiteElo "2134"]
[LiveChessVersion "1.4.8"]

1. d4 {[%clk 0:03:02]} Nf6 {[%clk 0:03:03]} 2. c4 {[%clk 0:03:03]} e6
{[%clk 0:03:02]} 3. g3 {[%clk 0:03:05]} d5 {[%clk 0:03:00]} 4. Nf3
{[%clk 0:03:06]} Bb4+ {[%clk 0:03:00]} 5. Nbd2 {[%clk 0:03:07]} O-O
{[%clk 0:02:57]} 6. Bg2 {[%clk 0:03:08]} b6 {[%clk 0:02:57]} 7. O-O
{[%clk 0:03:08]} Bb7 {[%clk 0:02:57]} 8. Ne5 {[%clk 0:03:09]} Re8
{[%clk 0:02:26]} 9. Qc2 {[%clk 0:03:09]} Nbd7 {[%clk 0:01:57]} 10. a3
{[%clk 0:03:07]} Bd6 {[%clk 0:01:46]} 11. cxd5 {[%clk 0:03:02]} exd5
{[%clk 0:01:25]} 12. Nxd7 {[%clk 0:02:18]} Qxd7 {[%clk 0:01:23]} 13. Nf3
{[%clk 0:02:03]} c5 {[%clk 0:00:42]} 14. dxc5 {[%clk 0:01:38]} bxc5
{[%clk 0:00:26]} 15. e3 {[%clk 0:01:35]} Bf8 {[%clk 0:00:19]} 16. Rd1
{[%clk 0:01:33]} Rab8 {[%clk 0:00:11]} 17. Bd2 {[%clk 0:01:33]} Bc6
{[%clk 0:00:06]} 18. Bc3 {[%clk 0:01:29]} Ba4 {[%clk 0:00:06]} 19. Qc1
{[%clk 0:01:18]} Bxd1 {[%clk 0:00:07]} 20. Qxd1 {[%clk 0:01:19]} Ne4
{[%clk 0:00:08]} 21. Ne5 {[%clk 0:00:48]} Qe6 {[%clk 0:00:08]} 22. Bxe4
{[%clk 0:00:44]} dxe4 {[%clk 0:00:09]} 23. Qe2 {[%clk 0:00:39]} Red8
{[%clk 0:00:06]} 24. Rc1 {[%clk 0:00:25]} Be7 {[%clk 0:00:07]} 25. Qc4
{[%clk 0:00:10]} Qxc4 {[%clk 0:00:06]} 26. Nxc4 {[%clk 0:00:11]} Bf6
{[%clk 0:00:05]} 27. Bxf6 {[%clk 0:00:11]} gxf6 {[%clk 0:00:07]} 28. Kg2
{[%clk 0:00:12]} Kg7 {[%clk 0:00:07]} 29. Rc3 {[%clk 0:00:11]} Rd3
{[%clk 0:00:07]} 30. Rc2 {[%clk 0:00:11]} h6 {[%clk 0:00:06]} 31. h3
{[%clk 0:00:12]} h5 {[%clk 0:00:07]} 32. g4 {[%clk 0:00:12]} hxg4
{[%clk 0:00:08]} 33. hxg4 {[%clk 0:00:13]} Rd5 {[%clk 0:00:06]} 34. Kg3
{[%clk 0:00:15]} Rg5 {[%clk 0:00:04]} 35. Kf4 {[%clk 0:00:13]} Re8
{[%clk 0:00:04]} 36. Nd6 {[%clk 0:00:13]} Ree5 {[%clk 0:00:04]} 37. Nf5+
{[%clk 0:00:14]} Kg8 {[%clk 0:00:04]} 38. Rd2 {[%clk 0:00:14]} Re8
{[%clk 0:00:04]} 39. Rc2 {[%clk 0:00:12]} Kh7 {[%clk 0:00:04]} 40. Rxc5
{[%clk 0:00:12]} Kg6 {[%clk 0:00:04]} 41. Nh4+ {[%clk 0:00:09]} Kh6 42. Nf5+
{[%clk 0:00:09]} Kh7 {[%clk 0:00:04]} 43. Rc7 {[%clk 0:00:10]} Reg8
{[%clk 0:00:04]} 44. Rxf7+ {[%clk 0:00:11]} Kh8 {[%clk 0:00:06]} 45. Nh6
{[%clk 0:00:07]} R8g6 {[%clk 0:00:06]} 46. Rf8+ {[%clk 0:00:03]} Kh7
{[%clk 0:00:07]} 47. Nf7 {[%clk 0:00:03]} Rxg4+ {[%clk 0:00:07]} 48. Kf5
{[%clk 0:00:05]} Kg7 {[%clk 0:00:06]} 49. Ra8 {[%clk 0:00:03]} Kxf7
{[%clk 0:00:08]} 50. Rxa7+ {[%clk 0:00:04]} Kg8 {[%clk 0:00:08]} 51. b4
{[%clk 0:00:05]} Rg7 {[%clk 0:00:07]} 52. Ra8+ {[%clk 0:00:06]} Kh7
{[%clk 0:00:08]} 53. b5 {[%clk 0:00:07]} R4g5+ {[%clk 0:00:09]} 54. Ke6
{[%clk 0:00:08]} Rxb5 {[%clk 0:00:09]} 55. Kxf6 {[%clk 0:00:08]} Rb6+
{[%clk 0:00:09]} 56. Ke5 {[%clk 0:00:09]} Rf7 {[%clk 0:00:06]} 57. Kxe4
{[%clk 0:00:09]} Rxf2 {[%clk 0:00:07]} 58. a4 {[%clk 0:00:10]} Rb4+
{[%clk 0:00:06]} 59. Kd5 {[%clk 0:00:10]} Ra2 {[%clk 0:00:05]} 60. Ra7+
{[%clk 0:00:11]} Kg6 {[%clk 0:00:06]} 61. Ra6+ {[%clk 0:00:12]} Kg5
{[%clk 0:00:06]} 62. a5 {[%clk 0:00:11]} Rb5+ {[%clk 0:00:05]} 63. Ke4
{[%clk 0:00:13]} Ra4+ {[%clk 0:00:06]} 64. Kf3 {[%clk 0:00:14]} Rbxa5
{[%clk 0:00:05]} 65. Rd6 {[%clk 0:00:15]} Kf5 {[%clk 0:00:05]} 66. Rd8
{[%clk 0:00:16]} Re5 {[%clk 0:00:05]} 67. Rf8+ {[%clk 0:00:17]} Kg6
{[%clk 0:00:05]} 68. Rg8+ {[%clk 0:00:18]} Kf7 {[%clk 0:00:06]} 69. Rb8
{[%clk 0:00:15]} Ra3 {[%clk 0:00:05]} 70. Rb7+ {[%clk 0:00:15]} Kf6
{[%clk 0:00:06]} 71. Kf4 {[%clk 0:00:15]} Raxe3 {[%clk 0:00:06]} 72. Rb6+
{[%clk 0:00:16]} Re6 {[%clk 0:00:07]} 73. Rb4 {[%clk 0:00:16]} R3e5
{[%clk 0:00:07]} 74. Kf3 {[%clk 0:00:16]} Rf5+ {[%clk 0:00:08]} 75. Kg4
{[%clk 0:00:17]} Kg6 {[%clk 0:00:06]} 76. Ra4 {[%clk 0:00:16]} Ref6
{[%clk 0:00:07]} 77. Kg3 {[%clk 0:00:12]} Rg5+ {[%clk 0:00:08]} 78. Kh4
{[%clk 0:00:14]} Kh6 {[%clk 0:00:06]} 79. Rb4 {[%clk 0:00:14]} Rfg6
{[%clk 0:00:06]} 0-1

[Event "Russian Blitz Team Championship (w)"]
[Site "Sochi"]
[Date "2022.10.17"]
[Round "3.1"]
[White "Shuvalova, Polina"]
[Black "Pogonina, Natalija"]
[Result "1/2-1/2"]
[BlackElo "2332"]
[WhiteElo "2392"]
[LiveChessVersion "1.4.8"]

1. d4 {[%clk 0:03:03]} Nf6 {[%clk 0:03:02]} 2. Nf3 {[%clk 0:03:04]} d5
{[%clk 0:03:01]} 3. Bf4 {[%clk 0:03:05]} e6 {[%clk 0:02:57]} 4. e3
{[%clk 0:03:06]} Bd6 {[%clk 0:02:56]} 5. Bxd6 {[%clk 0:03:06]} Qxd6
{[%clk 0:02:56]} 6. c4 {[%clk 0:03:06]} O-O {[%clk 0:02:53]} 7. Nc3
{[%clk 0:03:07]} a6 {[%clk 0:02:52]} 8. a3 {[%clk 0:03:04]} b6 {[%clk 0:02:43]}
9. cxd5 {[%clk 0:02:56]} Nxd5 {[%clk 0:02:39]} 10. Rc1 {[%clk 0:02:48]} Bb7
{[%clk 0:02:38]} 11. Bd3 {[%clk 0:02:46]} h6 {[%clk 0:02:35]} 12. O-O
{[%clk 0:02:45]} Nd7 {[%clk 0:02:33]} 13. Nxd5 {[%clk 0:02:40]} exd5
{[%clk 0:02:32]} 14. Qc2 {[%clk 0:02:30]} Rac8 {[%clk 0:02:31]} 15. Qe2
{[%clk 0:02:30]} Ra8 {[%clk 0:02:28]} 16. Rfd1 {[%clk 0:02:28]} Rfe8
{[%clk 0:02:26]} 17. Rc2 {[%clk 0:02:25]} Re7 {[%clk 0:02:25]} 18. Rdc1
{[%clk 0:02:24]} c5 {[%clk 0:02:16]} 19. dxc5 {[%clk 0:02:20]} Nxc5
{[%clk 0:02:13]} 20. Nd4 {[%clk 0:02:09]} Qf6 {[%clk 0:02:04]} 21. b4
{[%clk 0:02:04]} Ne6 {[%clk 0:02:02]} 22. Nf5 {[%clk 0:01:46]} Rd7
{[%clk 0:01:57]} 23. Qg4 {[%clk 0:01:38]} a5 {[%clk 0:01:47]} 24. h3
{[%clk 0:01:26]} Rdd8 {[%clk 0:01:39]} 25. Nd4 {[%clk 0:01:13]} axb4
{[%clk 0:01:32]} 26. axb4 {[%clk 0:01:12]} Rac8 {[%clk 0:01:06]} 27. b5
{[%clk 0:00:58]} Nc5 {[%clk 0:00:52]} 28. Bf5 {[%clk 0:00:54]} Ra8
{[%clk 0:00:51]} 29. Qf4 {[%clk 0:00:23]} Bc8 {[%clk 0:00:41]} 30. Bxc8
{[%clk 0:00:18]} Qxf4 {[%clk 0:00:41]} 31. exf4 {[%clk 0:00:19]} Rdxc8
{[%clk 0:00:23]} 32. Nc6 {[%clk 0:00:20]} Re8 {[%clk 0:00:21]} 33. Rd1
{[%clk 0:00:20]} Ra4 {[%clk 0:00:18]} 34. g3 {[%clk 0:00:18]} Rc4
{[%clk 0:00:12]} 35. Rcd2 {[%clk 0:00:15]} Rc3 {[%clk 0:00:08]} 36. Rxd5
{[%clk 0:00:14]} Rb3 {[%clk 0:00:09]} 37. Rd8 {[%clk 0:00:14]} Rxd8
{[%clk 0:00:10]} 38. Rxd8+ {[%clk 0:00:15]} Kh7 {[%clk 0:00:10]} 39. Na7
{[%clk 0:00:14]} Ne4 {[%clk 0:00:09]} 40. Re8 {[%clk 0:00:06]} f5
{[%clk 0:00:09]} 41. Re5 {[%clk 0:00:07]} Rb2 {[%clk 0:00:07]} 42. Rxf5
{[%clk 0:00:05]} Nxf2 {[%clk 0:00:08]} 43. Kg2 {[%clk 0:00:04]} Ne4+
{[%clk 0:00:06]} 44. Kf3 {[%clk 0:00:05]} Nd2+ {[%clk 0:00:07]} 45. Kg4
{[%clk 0:00:04]} Ne4 {[%clk 0:00:06]} 46. Re5 {[%clk 0:00:04]} Nf6+
{[%clk 0:00:07]} 47. Kf5 {[%clk 0:00:04]} Rb3 {[%clk 0:00:08]} 48. g4
{[%clk 0:00:04]} Rxh3 {[%clk 0:00:07]} 49. Nc8 {[%clk 0:00:05]} Rg3
{[%clk 0:00:07]} 50. g5 {[%clk 0:00:05]} Nd7 {[%clk 0:00:06]} 51. Rd5
{[%clk 0:00:06]} g6+ {[%clk 0:00:04]} 52. Ke6 {[%clk 0:00:07]} Nc5+
{[%clk 0:00:05]} 53. Kf7 {[%clk 0:00:06]} hxg5 {[%clk 0:00:05]} 54. fxg5
{[%clk 0:00:06]} Rf3+ {[%clk 0:00:06]} 55. Ke7 {[%clk 0:00:08]} Re3+
{[%clk 0:00:04]} 56. Kd8 {[%clk 0:00:06]} Re6 {[%clk 0:00:04]} 57. Rd4
{[%clk 0:00:04]} Re5 {[%clk 0:00:05]} 58. Rd2 {[%clk 0:00:04]} Rxg5
{[%clk 0:00:06]} 59. Nxb6 {[%clk 0:00:04]} Ne6+ {[%clk 0:00:06]} 60. Kd7
{[%clk 0:00:05]} Rxb5 {[%clk 0:00:07]} 61. Kxe6 {[%clk 0:00:03]} Rxb6+
{[%clk 0:00:08]} 62. Ke5 {[%clk 0:00:04]} Kg7 {[%clk 0:00:09]} 63. Kf4
{[%clk 0:00:06]} Rb4+ {[%clk 0:00:10]} 64. Ke4 1/2-1/2

[Event "Russian Blitz Team Championship (w)"]
[Site "Sochi"]
[Date "2022.10.17"]
[Round "3.2"]
[White "Girya, Olga"]
[Black "Gunina, Valentina"]
[Result "1-0"]
[BlackElo "2376"]
[WhiteElo "2298"]
[LiveChessVersion "1.4.8"]

1. d4 {[%clk 0:03:02]} d5 {[%clk 0:03:03]} 2. c4 {[%clk 0:03:03]} c6
{[%clk 0:03:04]} 3. Nf3 {[%clk 0:03:04]} Nf6 {[%clk 0:03:05]} 4. cxd5
{[%clk 0:03:05]} cxd5 {[%clk 0:03:06]} 5. Nc3 {[%clk 0:03:06]} Nc6
{[%clk 0:03:06]} 6. Bf4 {[%clk 0:03:07]} a6 {[%clk 0:03:07]} 7. Qb3
{[%clk 0:03:07]} e6 {[%clk 0:03:08]} 8. e3 {[%clk 0:03:07]} Be7 {[%clk 0:03:09]}
9. Bd3 {[%clk 0:03:06]} O-O {[%clk 0:03:08]} 10. Rc1 {[%clk 0:03:07]} Na5
{[%clk 0:03:04]} 11. Qd1 {[%clk 0:02:47]} Nc4 {[%clk 0:03:02]} 12. Qe2
{[%clk 0:02:36]} b5 {[%clk 0:02:58]} 13. O-O {[%clk 0:02:33]} Bb7
{[%clk 0:02:58]} 14. a4 {[%clk 0:02:34]} Ne4 {[%clk 0:02:17]} 15. axb5
{[%clk 0:02:15]} Nxc3 {[%clk 0:02:17]} 16. Rxc3 {[%clk 0:02:16]} axb5
{[%clk 0:02:17]} 17. b3 {[%clk 0:02:14]} b4 {[%clk 0:02:15]} 18. Rcc1
{[%clk 0:02:10]} Nd6 {[%clk 0:02:16]} 19. Ne5 {[%clk 0:02:02]} Ra3
{[%clk 0:02:00]} 20. Nc6 {[%clk 0:01:53]} Bxc6 {[%clk 0:01:53]} 21. Rxc6
{[%clk 0:01:54]} Ne4 {[%clk 0:01:52]} 22. Qc2 {[%clk 0:01:47]} Qa8
{[%clk 0:01:53]} 23. Bxe4 {[%clk 0:01:12]} dxe4 {[%clk 0:01:53]} 24. Rc7
{[%clk 0:01:11]} Re8 {[%clk 0:01:40]} 25. h3 {[%clk 0:01:06]} h6 {[%clk 0:01:41]}
26. Qc4 {[%clk 0:00:53]} Qd5 {[%clk 0:01:41]} 27. Rb1 {[%clk 0:00:44]} Qf5
{[%clk 0:01:15]} 28. Qc6 {[%clk 0:00:39]} Kf8 {[%clk 0:00:50]} 29. Rc8
{[%clk 0:00:29]} Rd8 {[%clk 0:00:39]} 30. Rxd8+ {[%clk 0:00:28]} Bxd8
{[%clk 0:00:40]} 31. Bd6+ {[%clk 0:00:29]} Kg8 {[%clk 0:00:39]} 32. Qe8+
{[%clk 0:00:30]} Kh7 {[%clk 0:00:40]} 33. Qxd8 {[%clk 0:00:31]} Qb5
{[%clk 0:00:33]} 34. Qe7 {[%clk 0:00:23]} Qd3 {[%clk 0:00:28]} 35. Rf1
{[%clk 0:00:24]} Kg6 {[%clk 0:00:24]} 36. Bxb4 {[%clk 0:00:25]} Rxb3
{[%clk 0:00:25]} 37. Bd6 {[%clk 0:00:26]} Rb5 {[%clk 0:00:24]} 38. Bf4
{[%clk 0:00:24]} Rf5 {[%clk 0:00:20]} 39. Qf8 {[%clk 0:00:20]} Kh7
{[%clk 0:00:19]} 40. Ra1 {[%clk 0:00:16]} Qc3 {[%clk 0:00:14]} 41. Rf1
{[%clk 0:00:16]} Qd3 {[%clk 0:00:16]} 42. Be5 {[%clk 0:00:14]} f6
{[%clk 0:00:16]} 43. Bg3 {[%clk 0:00:14]} Qc4 {[%clk 0:00:12]} 44. Qe7
{[%clk 0:00:14]} Rg5 {[%clk 0:00:10]} 45. Ra1 {[%clk 0:00:14]} h5
{[%clk 0:00:10]} 46. h4 {[%clk 0:00:14]} Rg6 {[%clk 0:00:09]} 47. Qf7
{[%clk 0:00:15]} Qd5 {[%clk 0:00:08]} 48. Ra7 {[%clk 0:00:14]} Qb5
{[%clk 0:00:06]} 49. Ra8 {[%clk 0:00:14]} Rg4 {[%clk 0:00:06]} 50. Qg8+
{[%clk 0:00:14]} Kg6 {[%clk 0:00:07]} 51. Qe8+ {[%clk 0:00:15]} Kh7
{[%clk 0:00:08]} 52. Qxb5 {[%clk 0:00:16]} 1-0

[Event "Russian Blitz Team Championship (w)"]
[Site "Sochi"]
[Date "2022.10.17"]
[Round "3.3"]
[White "Badelka, Olga"]
[Black "Guseva, Marina"]
[Result "1-0"]
[BlackElo "2273"]
[WhiteElo "2316"]
[LiveChessVersion "1.4.8"]

1. c4 {[%clk 0:03:03]} c6 {[%clk 0:03:03]} 2. Nf3 {[%clk 0:03:04]} d5
{[%clk 0:03:04]} 3. e3 {[%clk 0:03:05]} Nf6 {[%clk 0:03:04]} 4. Nc3
{[%clk 0:03:06]} e6 {[%clk 0:03:05]} 5. b3 {[%clk 0:03:05]} Nbd7 {[%clk 0:03:03]}
6. Bb2 {[%clk 0:03:05]} b6 {[%clk 0:03:04]} 7. Qc2 {[%clk 0:03:04]} Bb7
{[%clk 0:03:05]} 8. Rg1 {[%clk 0:02:48]} h5 {[%clk 0:03:06]} 9. h3
{[%clk 0:02:45]} h4 {[%clk 0:02:48]} 10. O-O-O {[%clk 0:02:40]} Rc8
{[%clk 0:02:43]} 11. Kb1 {[%clk 0:02:41]} c5 {[%clk 0:02:30]} 12. cxd5
{[%clk 0:02:07]} Nxd5 {[%clk 0:02:30]} 13. Nxd5 {[%clk 0:02:02]} Bxd5
{[%clk 0:02:28]} 14. Bb5 {[%clk 0:02:00]} Bc6 {[%clk 0:02:21]} 15. Bxc6
{[%clk 0:01:57]} Rxc6 {[%clk 0:02:22]} 16. d4 {[%clk 0:01:53]} Nf6
{[%clk 0:01:35]} 17. Ne5 {[%clk 0:01:51]} Rc8 {[%clk 0:01:11]} 18. dxc5
{[%clk 0:01:47]} Qc7 {[%clk 0:01:12]} 19. c6 {[%clk 0:01:41]} Bd6
{[%clk 0:01:10]} 20. Nc4 {[%clk 0:01:26]} Be7 {[%clk 0:01:06]} 21. Ne5
{[%clk 0:00:47]} Bd6 {[%clk 0:01:07]} 22. Nd7 {[%clk 0:00:19]} Qxc6
{[%clk 0:00:31]} 23. Nxf6+ {[%clk 0:00:20]} gxf6 {[%clk 0:00:31]} 24. Qxc6+
{[%clk 0:00:16]} Rxc6 {[%clk 0:00:32]} 25. Bxf6 {[%clk 0:00:18]} Rh6
{[%clk 0:00:27]} 26. Bd4 {[%clk 0:00:10]} Rg6 {[%clk 0:00:26]} 27. f4
{[%clk 0:00:09]} Bc5 {[%clk 0:00:15]} 28. Rc1 {[%clk 0:00:09]} Kd7
{[%clk 0:00:16]} 29. Bxc5 {[%clk 0:00:07]} Rxc5 {[%clk 0:00:16]} 30. Rxc5
{[%clk 0:00:08]} bxc5 {[%clk 0:00:17]} 31. Kc2 {[%clk 0:00:09]} Rg3
{[%clk 0:00:17]} 32. Kd2 {[%clk 0:00:11]} Kc6 {[%clk 0:00:17]} 33. Ke2
{[%clk 0:00:12]} Rg8 {[%clk 0:00:16]} 34. Kf3 {[%clk 0:00:10]} Rd8
{[%clk 0:00:17]} 35. Rc1 {[%clk 0:00:10]} a5 {[%clk 0:00:17]} 36. Rc2
{[%clk 0:00:11]} Rg8 {[%clk 0:00:14]} 37. Rc4 {[%clk 0:00:08]} Rg3+ 38. Kf2 Rg8
{[%clk 0:00:12]} 39. f5 {[%clk 0:00:05]} Rd8 {[%clk 0:00:11]} 40. fxe6
{[%clk 0:00:06]} fxe6 {[%clk 0:00:12]} 41. Ke2 {[%clk 0:00:05]} Rg8
{[%clk 0:00:13]} 42. Kf2 {[%clk 0:00:06]} Rd8 {[%clk 0:00:14]} 43. Rxh4
{[%clk 0:00:06]} Rd2+ {[%clk 0:00:16]} 44. Kf3 {[%clk 0:00:08]} Rxa2
{[%clk 0:00:17]} 45. Rh8 {[%clk 0:00:06]} Kd6 {[%clk 0:00:14]} 46. Rd8+
{[%clk 0:00:06]} Ke7 {[%clk 0:00:15]} 47. Rc8 {[%clk 0:00:07]} Kd6
{[%clk 0:00:15]} 48. h4 {[%clk 0:00:09]} a4 {[%clk 0:00:15]} 49. bxa4
{[%clk 0:00:10]} Rxa4 {[%clk 0:00:16]} 50. h5 {[%clk 0:00:09]} Rh4
{[%clk 0:00:17]} 51. g4 {[%clk 0:00:10]} e5 {[%clk 0:00:13]} 52. Kg3
{[%clk 0:00:09]} Rh1 {[%clk 0:00:14]} 53. Rd8+ {[%clk 0:00:09]} Ke6
{[%clk 0:00:14]} 54. e4 {[%clk 0:00:09]} Kf6 {[%clk 0:00:07]} 55. Rc8
{[%clk 0:00:10]} Rc1 {[%clk 0:00:08]} 56. Rf8+ {[%clk 0:00:10]} Ke7
{[%clk 0:00:08]} 57. Rf5 {[%clk 0:00:10]} Ke6 {[%clk 0:00:08]} 58. h6 c4 59. h7
{[%clk 0:00:12]} Kd5 1-0

[Event "Russian Blitz Team Championship (w)"]
[Site "Sochi"]
[Date "2022.10.17"]
[Round "3.4"]
[White "Kovanova, Baira"]
[Black "Charochkina, Daria"]
[Result "1-0"]
[BlackElo "2282"]
[WhiteElo "2217"]
[LiveChessVersion "1.4.8"]

1. e4 {[%clk 0:03:02]} c6 {[%clk 0:03:03]} 2. d4 {[%clk 0:03:03]} d5
{[%clk 0:03:05]} 3. Nc3 {[%clk 0:03:04]} dxe4 {[%clk 0:03:05]} 4. Nxe4
{[%clk 0:03:05]} Nf6 {[%clk 0:03:06]} 5. Nxf6+ {[%clk 0:03:06]} exf6
{[%clk 0:03:07]} 6. c3 {[%clk 0:03:07]} Bd6 {[%clk 0:03:07]} 7. Bd3
{[%clk 0:03:07]} O-O {[%clk 0:03:07]} 8. Ne2 {[%clk 0:03:09]} Re8
{[%clk 0:03:04]} 9. O-O {[%clk 0:03:09]} Qc7 {[%clk 0:02:42]} 10. Ng3
{[%clk 0:03:08]} Nd7 {[%clk 0:02:40]} 11. f4 {[%clk 0:03:09]} Nf8
{[%clk 0:02:34]} 12. Qf3 {[%clk 0:02:32]} c5 {[%clk 0:02:23]} 13. d5
{[%clk 0:02:24]} c4 {[%clk 0:02:20]} 14. Bc2 {[%clk 0:02:16]} Bd7
{[%clk 0:02:12]} 15. Kh1 {[%clk 0:02:13]} Ng6 {[%clk 0:02:02]} 16. Ne4
{[%clk 0:01:27]} f5 {[%clk 0:01:47]} 17. Nxd6 {[%clk 0:01:15]} Qxd6
{[%clk 0:01:48]} 18. Be3 {[%clk 0:01:16]} Ne7 {[%clk 0:01:26]} 19. Rad1
{[%clk 0:01:15]} b6 {[%clk 0:01:24]} 20. Bd4 {[%clk 0:01:06]} f6 {[%clk 0:01:24]}
21. b3 {[%clk 0:01:00]} b5 {[%clk 0:01:10]} 22. b4 {[%clk 0:01:00]} Qxd5
{[%clk 0:00:39]} 23. Qg3 {[%clk 0:00:52]} Bc6 {[%clk 0:00:29]} 24. Rfe1
{[%clk 0:00:38]} Qf7 {[%clk 0:00:28]} 25. Bc5 {[%clk 0:00:35]} Rac8
{[%clk 0:00:22]} 26. Bxe7 {[%clk 0:00:17]} Rxe7 {[%clk 0:00:23]} 27. Bxf5
{[%clk 0:00:18]} Rce8 {[%clk 0:00:21]} 28. Rxe7 {[%clk 0:00:18]} Qxe7
{[%clk 0:00:21]} 29. h3 {[%clk 0:00:16]} Rd8 {[%clk 0:00:18]} 30. Re1
{[%clk 0:00:16]} Qb7 {[%clk 0:00:15]} 31. Re2 {[%clk 0:00:15]} g6
{[%clk 0:00:12]} 32. Be6+ {[%clk 0:00:14]} Kg7 {[%clk 0:00:13]} 33. f5
{[%clk 0:00:15]} g5 {[%clk 0:00:14]} 34. Kh2 {[%clk 0:00:16]} Kh8
{[%clk 0:00:14]} 35. h4 {[%clk 0:00:16]} Qg7 {[%clk 0:00:13]} 36. hxg5 fxg5
{[%clk 0:00:14]} 37. Qe5 {[%clk 0:00:13]} Qxe5+ {[%clk 0:00:09]} 38. Rxe5
{[%clk 0:00:15]} Rd2 {[%clk 0:00:10]} 39. f6 {[%clk 0:00:09]} Rxg2+
{[%clk 0:00:11]} 40. Kh3 {[%clk 0:00:10]} Rf2 {[%clk 0:00:08]} 41. Bf5
{[%clk 0:00:07]} Rxf5 {[%clk 0:00:04]} 42. Rxf5 {[%clk 0:00:08]} Bd7
{[%clk 0:00:06]} 43. Kg4 {[%clk 0:00:09]} h6 {[%clk 0:00:08]} 44. Kh5
{[%clk 0:00:07]} Bxf5 {[%clk 0:00:07]} 45. Kxh6 {[%clk 0:00:08]} g4
{[%clk 0:00:06]} 46. f7 {[%clk 0:00:08]} 1-0

[Event "Russian Blitz Team Championship (w)"]
[Site "Sochi"]
[Date "2022.10.17"]
[Round "3.5"]
[White "Kleymenova, Valeria"]
[Black "Nasyrova, Ekaterina"]
[Result "1-0"]
[BlackElo "2075"]
[WhiteElo "2041"]
[LiveChessVersion "1.4.8"]

1. d4 {[%clk 0:03:02]} d5 {[%clk 0:03:03]} 2. c4 {[%clk 0:03:04]} e6
{[%clk 0:03:04]} 3. g3 {[%clk 0:03:04]} Nf6 {[%clk 0:03:04]} 4. Bg2
{[%clk 0:03:05]} Bb4+ {[%clk 0:03:05]} 5. Nd2 {[%clk 0:03:06]} dxc4
{[%clk 0:03:04]} 6. Qa4+ {[%clk 0:03:07]} Nc6 {[%clk 0:02:58]} 7. Bxc6+
{[%clk 0:03:08]} bxc6 {[%clk 0:02:59]} 8. Qxb4 {[%clk 0:03:08]} Qxd4
{[%clk 0:02:59]} 9. Ngf3 {[%clk 0:03:08]} Qd5 {[%clk 0:02:56]} 10. Qxc4
{[%clk 0:03:06]} a5 {[%clk 0:02:53]} 11. O-O {[%clk 0:02:51]} Ba6
{[%clk 0:02:53]} 12. Qxd5 {[%clk 0:02:48]} cxd5 {[%clk 0:02:54]} 13. Re1
{[%clk 0:02:47]} c5 {[%clk 0:02:52]} 14. Nb3 {[%clk 0:02:43]} Ne4
{[%clk 0:02:26]} 15. Nfd2 {[%clk 0:02:27]} c4 {[%clk 0:01:49]} 16. Nxe4
{[%clk 0:02:15]} cxb3 {[%clk 0:01:46]} 17. Nc5 {[%clk 0:02:12]} bxa2
{[%clk 0:01:39]} 18. Nxa6 {[%clk 0:02:07]} Rxa6 {[%clk 0:01:40]} 19. Rxa2
{[%clk 0:02:08]} Ke7 {[%clk 0:01:38]} 20. Bd2 {[%clk 0:02:07]} a4
{[%clk 0:01:17]} 21. Rea1 {[%clk 0:02:08]} Rb8 {[%clk 0:00:08]} 22. Bc3
{[%clk 0:02:08]} f6 {[%clk 0:00:05]} 23. Rxa4 {[%clk 0:02:03]} Rab6
{[%clk 0:00:05]} 24. Ra7+ {[%clk 0:01:59]} Kf8 {[%clk 0:00:05]} 25. Rd7
{[%clk 0:01:43]} 1-0

[Event "Russian Blitz Team Championship (w)"]
[Site "Sochi"]
[Date "2022.10.17"]
[Round "3.6"]
[White "Shafigullina, Zarina"]
[Black "Aleshina, Arina"]
[Result "1-0"]
[BlackElo "1705"]
[WhiteElo "2143"]
[LiveChessVersion "1.4.8"]

1. d4 {[%clk 0:03:03]} f5 {[%clk 0:03:04]} 2. Nf3 {[%clk 0:03:03]} Nf6
{[%clk 0:03:05]} 3. g3 {[%clk 0:03:04]} g6 {[%clk 0:03:06]} 4. Bg2
{[%clk 0:03:06]} Bg7 {[%clk 0:03:07]} 5. O-O {[%clk 0:03:06]} O-O
{[%clk 0:03:07]} 6. c4 {[%clk 0:03:07]} d6 {[%clk 0:03:08]} 7. Nc3
{[%clk 0:03:09]} Qe8 {[%clk 0:03:10]} 8. Nd5 {[%clk 0:02:42]} Nxd5
{[%clk 0:03:10]} 9. cxd5 {[%clk 0:02:43]} Qb5 {[%clk 0:03:10]} 10. Ng5
{[%clk 0:02:21]} h6 {[%clk 0:02:45]} 11. Ne6 {[%clk 0:01:54]} Bxe6
{[%clk 0:02:45]} 12. dxe6 {[%clk 0:01:55]} Nc6 {[%clk 0:02:29]} 13. d5
{[%clk 0:01:49]} Ne5 {[%clk 0:02:26]} 14. h3 {[%clk 0:01:46]} c5 {[%clk 0:02:18]}
15. Rb1 {[%clk 0:01:36]} Rac8 {[%clk 0:02:00]} 16. b3 {[%clk 0:01:19]} g5
{[%clk 0:01:56]} 17. f4 {[%clk 0:01:18]} gxf4 {[%clk 0:01:56]} 18. gxf4
{[%clk 0:01:06]} Ng6 {[%clk 0:01:57]} 19. Be3 {[%clk 0:00:53]} Kh7
{[%clk 0:01:54]} 20. Kh2 {[%clk 0:00:51]} Nh4 {[%clk 0:01:53]} 21. Bh1
{[%clk 0:00:51]} Bf6 {[%clk 0:01:51]} 22. Rg1 {[%clk 0:00:46]} Rg8
{[%clk 0:01:52]} 23. Qc2 {[%clk 0:00:45]} Rxg1 {[%clk 0:01:24]} 24. Rxg1
{[%clk 0:00:40]} Rg8 {[%clk 0:01:24]} 25. Bf2 {[%clk 0:00:36]} Rxg1
{[%clk 0:01:22]} 26. Kxg1 {[%clk 0:00:36]} Ng6 {[%clk 0:01:17]} 27. Qxf5
{[%clk 0:00:34]} Qxe2 {[%clk 0:01:17]} 28. Be4 {[%clk 0:00:35]} Kg8
{[%clk 0:00:47]} 29. Qxg6+ {[%clk 0:00:35]} Bg7 {[%clk 0:00:48]} 30. Qe8+
{[%clk 0:00:32]} Bf8 {[%clk 0:00:49]} 31. Qf7+ {[%clk 0:00:32]} 1-0